000 00633nam a2200217Ia 4500
001 13245
003 GE_BSU
008 181216s||||||||xx |||||||||||||| ||und||
040 _cGE_BSU
080 _a632(075.8)
100 _aНаумов,Н.А.
245 _aБолезни сельскохозяйственных растении
245 _cРед.Л.С.Зимин
260 _aМосква
260 _bСельхозгиз
260 _c1952
300 _a664стр.20см.
300 _cБиблиогр.с.632-633
653 _aБолезни сельскохозяйственных растении
942 _cBK
999 _c46409
_d46409